000 00750nam a2200253 a 4500
999 _c10399
_d10399
001 10399
003 BD-JhCC
005 20211111134021.0
008 180425s2015 bg |||| ||a| 000 0 ben d
020 _a9789849265993
020 _a9789849266099
035 _a(BD-JhCC)10399
040 _aBD-JhCC
_dBD-JhCC
041 _aben
082 _a004.6
_bSAR 2015
100 _aসরকার, তিতাস
245 _aবেসিক টু অ্যাডভান্সড নেটওয়ার্কিং/
_cতিতাস সরকার
260 _aঢাকা :
_bআদর্শ,
_c2015.
300 _a184 p. :
_c22 cm.
650 _aComputer Network
650 _aInternet Working
942 _2ddc
_cBK
_02